=LDR 00000nam 2200000 4500 =001 NUTBA000000000002250 =005 20140610104518.0 =006 =007 =008 =020 ##$$a 879-979-610-351-5 =035 ##$$a 0010-061400000000193 =082 ##$$a 428 =100 ##$$a ADITO MIRZA =245 ##$$a BEDAH TUNTAS TES BAHASA INGGRIS =260 ##$$a YOGYAKARTA $b OUSTAKA WIDYATAMA $c 2009 =990 ##$$a 21400613/BPAP-NTB/20142014